000 01137cam a2200337 a 4500
001 3391956
003 OSt
005 20140310184423.0
008 881024s1988 nyua 000 0aeng
010 _a 88195896
020 _a1556750005
040 _aDLC
_cDLC
_dDLC
043 _ae-ne---
050 0 0 _aDS 135.N6
_b.F73313 1952
100 1 _aFrank, Anne,
_d1929-1945.
_926821
245 1 4 _aThe diary of a young girl /
_cAnne Frank.
260 _aNew York :
_bGlobe Book Co.,
_c1952.
300 _a283 p. :
_bill. ;
_c21 cm.
521 _aG9
526 _c1080
541 _j1
600 1 0 _aFrank, Anne,
_d1929-1945
_xDiaries.
_926822
650 0 _aHolocaust, Jewish (1939-1945)
_zNetherlands
_zAmsterdam
_xPersonal narratives.
_926823
650 0 _aJews
_xPersecutions
_zNetherlands
_zAmsterdam.
_926824
650 0 _aJews
_zNetherlands
_zAmsterdam
_xDiaries.
_926825
651 0 _aAmsterdam (Netherlands)
_xEthnic relations.
_926826
906 _a7
_bcbc
_corignew
_d2
_encip
_f19
_gy-gencatlg
942 _2lcc
_cBK-SCHOLAS
999 _c34285
_d34285